| 000 | 00341nam a2200133Ia 4500 | ||
|---|---|---|---|
| 008 | 191014s9999 xx 000 0 und d | ||
| 020 | _a0-486-66811-8 | ||
| 082 |
_a536.33 _bPLA |
||
| 100 |
_aMax Planck _920285 |
||
| 245 | 4 | _aThe Theory of heat Radiation | |
| 260 |
_aUSA _bDover Publications INC. _c1991 |
||
| 300 | _aXiv,224 | ||
| 942 | _cBK | ||
| 999 |
_c530855 _d530855 |
||